ANATOMY (Record no. 8511)

MARC details
000 -LEADER
fixed length control field 00280nam a22001457a 4500
003 - CONTROL NUMBER IDENTIFIER
control field SGT
082 ## - DEWEY DECIMAL CLASSIFICATION NUMBER
Classification number 611
Item number A15M
100 ## - MAIN ENTRY--PERSONAL NAME
Personal name MITRA,SAMAR.
245 ## - TITLE STATEMENT
Title ANATOMY
250 ## - EDITION STATEMENT
Edition statement 7TH
260 ## - PUBLICATION, DISTRIBUTION, ETC. (IMPRINT)
Place of publication, distribution, etc DELHI
Name of publisher, distributor, etc ACADEMIC PUB
Year of Publication 2015
300 ## - PAGE DESCRIPTION
No. of Pages 13.8
650 ## - SUBJECT ADDED ENTRY--TOPICAL TERM
Topical term or geographic name as entry element ANATOMY
942 ## - ADDED ENTRY ELEMENTS (KOHA)
Source of classification or shelving scheme Dewey Decimal Classification
Koha item type Books
Holdings
Withdrawn status Lost status Source of classification or shelving scheme Damaged status Not for loan Collection code Home library Current library Shelving location Date acquired Vendor Name Cost, normal purchase price SGTU Bill Number Total Checkouts Full call number Accession No. (Barcode) Date last seen Bill Date Koha item type
    Dewey Decimal Classification     AYURVEDA SGT FA-FP Library SGT FA-FP Library Text Book 17/03/2016 AHUJA 375.00 SGTU 6404   611 A15M FA3770 17/03/2016 22/12/2015 Books
    Dewey Decimal Classification     AYURVEDA SGT FA-FP Library SGT FA-FP Library Text Book 17/03/2016 AHUJA 375.00 SGTU 6404   611 A15M FA3771 26/03/2022 22/12/2015 Books